ARRUPE JESUIT UNIVERSITY

CORONAVIRUS -STOP THE SPREAD - CLEAN,DISINFECT,COVER
Normal view MARC view

Entry Topical Term

Number of records used in: 1

001 - CONTROL NUMBER

  • control field: 10245

003 - CONTROL NUMBER IDENTIFIER

  • control field: ARRUPE

005 - DATE AND TIME OF LATEST TRANSACTION

  • control field: 20140515140716.0

008 - FIXED-LENGTH DATA ELEMENTS

  • fixed length control field: 140515|| aca||aabn | a|a d

040 ## - CATALOGING SOURCE

  • Original cataloging agency: ARRUPE
  • Transcribing agency: ARRUPE

150 ## - HEADING--TOPICAL TERM

  • Topical term or geographic name as entry element: Freshwater fishes
  • General subdivision: Zambezi river
  • General subdivision: Save river
  • General subdivision: Kariba lake
  • Geographic subdivision: Zimbabwe
  • Geographic subdivision: Zambia

670 ## - SOURCE DATA FOUND

  • Source citation: Work cat.: (ARRUPE): Jubb, R. A. 10244, An illustrated guide to the fresh water fishes of the Zambezi river, Lake Kariba, Pungwe, Sabi, Lundi and Limpopo rivers, 1961

 

Arrupe Library. PO Box MP320 Mt Pleasant, Harare, Zimbabwe
263 242 745411|librarian@aju.ac.zw